Culture Générale - Série 786 - Statistiques

Statistiques générales
  • Ce quiz a été pris 111 fois
  • Le résultat moyen est 5 sur 10
Statistiques - réponses
Question Réponse % Correct
Quel nom désigne à la fois un animal qui dégage une odeur infecte quand on l'écrase, et une attache utilisée pour fixer des affiches ? punaise
95%
Dans la chanson de Julien Clerc, comment se prénomme la belle métisse, qui vit toujours dévêtue ? Mélissa
83%
Quel est le subjonctif présent, à la première personne du pluriel, du verbe "prévoir" ? Que nous ... prévoyions
58%
En 1961, quel chanteur français connaît le succès avec le titre "Et maintenant" ? Gilbert Bécaud
54%
Comme son étymologie l'indique, à quelle activité se rapporte l'adjectif "onirique" ? rêve
54%
"Les Valseuses" de Bertrand Blier raconte les péripéties d'un trio interprété par Miou-Miou, Gérard Depardieu et... Patrick Dewaere
53%
Fonctionnaire de haut rang, ayant un rôle de conseiller ou de ministre auprès des dirigeants musulmans vizir
35%
Au polo, avec quel instrument les joueurs poussent-ils la balle vers le but adverse ? maillet
34%
Quel comique français a réalisé le film : “Quasimodo d'El Paris” ? Patrick Timsit
30%
Comment se prénommait l'héroïne de la série "Premiers baisers", incarnée par Camille Raymond ? Justine
21%
Aucun quiz correspondant
Distribution des résultats
% des personnes avec chaque résultat
Percentile par nombre de réponses
Votre historique - résultats
Vous n’avez pas pris ce quiz